banner-ar

النصوص الكاملة لجميع اغانى كوكب الشرق ام كلثوم / (Record no. 37861)

MARC details
000 -الفاتح
حقل البيانات ثابتة الطول 00734nam a2200229Ia 4500
008 - عناصر البيانات ثابتة الطول - معلومات عامة
حقل البيانات ثابتة الطول 140319s9999 xx 000 0 ara d
040 ## - مصدر الفهرسة
وكالة الفهرسة الأصلية GCL /
وكالة النسخ GCL
082 04 - رقم تصنيف ديوى العشرى
رقم التصنيف 780.92
رقم المادة خ ن
100 1# - المدخل الرئيسى - إسم شخصى
الإسم الشخصى محمود كامل
245 10 - بيان العنوان
العنوان النصوص الكاملة لجميع اغانى كوكب الشرق ام كلثوم /
بيان المسئوليه,etc محمود كامل
700 1# - المدخل الاضافى - اسم شخصى
الإسم الشخصى خليل المصرى
700 1# - المدخل الاضافى - اسم شخصى
الإسم الشخصى احمد شفيق ابوعوف
490 ## - بيان السلسلة
عنوان السلسلة
650 04 - المدخل الاضافى بالموضوع-مصطلح موضوعى
مصطلح موضوعي الموسيقى
650 04 - المدخل الاضافى بالموضوع-مصطلح موضوعى
مصطلح موضوعي الموسيقيون المصريون
650 04 - المدخل الاضافى بالموضوع-مصطلح موضوعى
مصطلح موضوعي الاغانى
650 04 - المدخل الاضافى بالموضوع-مصطلح موضوعى
مصطلح موضوعي ام كلثوم
650 04 - المدخل الاضافى بالموضوع-مصطلح موضوعى
مصطلح موضوعي التأليف الموسيقى
650 04 - المدخل الاضافى بالموضوع-مصطلح موضوعى
مصطلح موضوعي الشعر العربى - العصر الحديث
942 ## - عناصر المدخل الإضافي( كوها)
مصدر التصنيف او مخطط الترفيف Dewey Decimal Classification
Koha [default] item type كتاب
Holdings
حالة التراجع حالة الفقد حالة تلف ليس للاعارة المكان المؤقت الموقع الحالى تاريخ الاكتساب اجمالي اﻻعارات رقم الطلب الباركود تاريخ اخر مشاهدة تاريخ تفعيل السعر نوع وعاء كوها
        مكتبة القاهرة الكبرى مكتبة القاهرة الكبرى 03/26/2014   780.92\خ ن 92489 03/26/2014 03/26/2014 كتاب

Powered By

EGPV